000 00431nam a22001817a 4500
003 koha_MIRAKIL
005 20231213095528.0
008 231213b |||||||| |||| 00| 0 ||| d
020 _b9-75331581-3
040 _aTR-IsEVY
_btur
_cTR-IsEVY
082 _a811 AK/U
100 _aAK, SEVDA FIRAT.
245 0 _aUNUTMA BÜYÜRKEN.
260 _bEpsilon,
_c2004
300 _a54.
650 _aTürk Edebiyatı.
942 _2ddc
_cBK
999 _c5157
_d5157